000 02446nam a2200289 a 4500
003 OSt
005 20251111110654.0
007 cr ||||||a|c|a
008 220905s2018 mx a|||fom||| 001 0 spa d
040 _cCHAP
100 1 _9186806
_aVelazquez Palacios, Pedro Alberto
245 1 0 _aAnálisis de comportamiento y competitividad de la producción y comercio de café en Brasil /
_cpor Pedro Alberto Velazquez Palacios; director de tesis Ignacio Caamal Cauich.
264 1 _aChapingo, México :
_bEl autor,
_c2018.
300 _a1 Recurso en línea : (70 páginas).
_bgráficas, tablas.
336 _2rdacontent
_atexto
_btxt
337 _2txt
_acomputadora
_bc
338 _2rdacarrier
_arecurso en línea
_bcr
502 _bLE
_cDICEA
_d2018.
_gLIC
504 _aIncluye referencias bibliográficas : 46-48.
520 _aBrasil es el principal exportador de café en el mundo abarcando aproximadamente el 25% de las exportaciones mundiales. Estados Unidos de América es el principal importador. La producción y comercio de café en Brasil durante el periodo 1990 a 2016 presenta algunos altibajos, pero con una tendencia general creciente. El objetivo de este estudio es analizar el comportamiento de las variables de producción, del comercio exterior y de la competitividad; para así conocer a través del tiempo, cómo va su participación en el mercado internacional de productos agropecuarios. Para esto se utilizó información de bases de datos de organismos internacionales, y cálculo de los indicadores de competitividad para el periodo en cuestión; tales como la balanza comercial relativa, el índice de trazabilidad, coeficiente de dependencia comercial y coeficiente de exportación. Los resultados obtenidos de comportamiento positivo de las variables e indicadores de competitividad, permiten observar que a medida que transcurre el tiempo, Brasil ha tenido una tendencia sólidamente creciente tanto en la producción nacional como en el sector internacional. Se concluye que la exportación de café de Brasil es competitiva y con tendencia creciente.
650 4 _917171
_aCafé
_xMercadeo
_xBrasil
650 4 _917093
_aCafé
_xAspectos económicos
_xBrasil
650 4 _9186807
_aCafé
_xProducción
_zBrasil
700 1 _aCaamal Cauich, Ignacio
_edirector.
_916527
856 _zDESCARGAR PDF
_uhttp://10.13.5.2/tesis/tl/Velazquez_Palacios_Pedro_Alberto.pdf
942 _2Clasificación Universidad Autónoma Chapingo
_cTD
999 _c217644
_d217644